[Event "Muensterland Verbandsliga playoff"]
[Site "Germany"]
[Date "2022.04.30"]
[Round "2.2"]
[White "Althoff, Franz"]
[Black "Stroessner, Lena"]
[Result "1-0"]
[WhiteElo "1974"]
[BlackElo "1945"]
[PlyCount "97"]
[EventDate "2022.03.19"]
[EventType "team-tourn"]
[EventRounds "3"]
[EventCountry "GER"]
[SourceTitle "EXT 2023"]
[Source "ChessBase"]
[SourceDate "2022.10.05"]
[SourceVersion "1"]
[SourceVersionDate "2022.10.05"]
[SourceQuality "1"]
[WhiteTeam "Nienberge II"]
[BlackTeam "Olfen"]
[WhiteTeamCountry "GER"]
[BlackTeamCountry "GER"]

1. Nf3 e6 2. d4 d5 3. c4 c6 4. e3 Nf6 5. Nc3 Nbd7 6. Bd3 dxc4 7. Bxc4 Be7 8. 0-0 0-0 9. e4 Nb6 10. Bd3 h6 11. Bc2 c5 12. e5 Nfd5 13. Qd3 f5 14. exf6 Nxf6 15. Bxh6 gxh6 16. Qg6+ Kh8 17. Qxh6+ Kg8 18. Ng5 Rf7 19. Nxf7 Kxf7 20. Bg6+ Kg8 21. Ne4 Nbd5 22. Ng5 Qf8 23. Bh7+ Kh8 24. Qg6 Bd7 25. Nf7+ Qxf7 26. Qxf7 Nxh7 27. dxc5 Rf8 28. Qh5 Rf5 29. Qd1 Bc6 30. Rc1 Nf4 31. Qd4+ Bf6 32. Qd6 Ne2+ 33. Kh1 Rg5 34. f3 Be5 35. Qd8+ Rg8 36. Qd2 Nxc1 37. Rxc1 Rg6 38. Re1 Bc7 39. b4 Ng5 40. b5 Bd5 41. b6 axb6 42. cxb6 Bd6 43. Rc1 Kh7 44. Rc7+ Bxc7 45. bxc7 Nxf3 46. Qxd5 exd5 47. c8Q Ne1 48. Qxb7+ Kh6 49. Qxd5 1-0

[Event "Muensterland Regionalliga 1314"]
[Site "Germany"]
[Date "2014.02.01"]
[Round "6.1"]
[White "Lehmann, Holger"]
[Black "Althoff, Franz"]
[Result "1/2-1/2"]
[WhiteElo "2119"]
[BlackElo "2069"]
[PlyCount "113"]
[EventDate "2013.09.07"]
[EventType "team-tourn"]
[EventRounds "9"]
[EventCountry "GER"]
[SourceTitle "EXT 2015"]
[Source "ChessBase"]
[SourceDate "2014.11.20"]
[SourceVersion "1"]
[SourceVersionDate "2014.11.20"]
[SourceQuality "1"]
[WhiteTeam "Emsdetten Rochade"]
[BlackTeam "Nienberge"]
[WhiteTeamCountry "GER"]
[BlackTeamCountry "GER"]

1. e4 c5 2. Nf3 d6 3. d4 cxd4 4. Nxd4 Nf6 5. Nc3 e6 6. Be3 Be7 7. Qe2 Nc6 8. 0-0-0 Nxd4 9. Bxd4 0-0 10. f3 a6 11. g4 b5 12. e5 Nd5 13. Nxd5 exd5 14. f4 a5 15. Qf3 b4 16. Bd3 dxe5 17. Bxe5 Bf6 18. Qh3 h6 19. Rhe1 a4 20. Qh5 Bxe5 21. Rxe5 Qf6 22. Rf1 Ba6 23. g5 Qc6 24. Bxa6 Qxa6 25. Rd1 b3 26. a3 Qc4 27. Qe2 Qxf4+ 28. Kb1 bxc2+ 29. Kxc2 hxg5 30. Rexd5 Rfe8 31. Qd2 Qc4+ 32. Kb1 Re2 33. Qd3 Qxd3+ 34. R1xd3 Rxh2 35. Rxg5 Rb8 36. b4 Re8 37. Rg1 Ree2 38. Rgd1 g6 39. Kc1 Rc2+ 40. Kb1 Kg7 41. Rh1 Rb2+ 42. Ka1 Ra2+ 43. Kb1 Rhb2+ 44. Kc1 g5 45. Rf1 Rb3 46. Rxb3 axb3 47. Rf3 Rxa3 48. Kb2 Ra8 49. Rxb3 f5 50. b5 g4 51. b6 Kg6 52. b7 Rb8 53. Kc2 Kg5 54. Kd2 f4 55. Ke2 Kh4 56. Kf2 Kg5 57. Rb5+ 1/2-1/2

[Event "Muensterland Verbandsliga 1213"]
[Site "Germany"]
[Date "2012.12.22"]
[Round "4.1"]
[White "Funke, Reinhard"]
[Black "Althoff, Franz"]
[Result "1-0"]
[WhiteElo "2076"]
[BlackElo "2101"]
[PlyCount "51"]
[EventDate "2012.09.22"]
[EventType "team-tourn"]
[EventRounds "9"]
[EventCountry "GER"]
[SourceTitle "EXT 2015"]
[Source "ChessBase"]
[SourceDate "2014.11.20"]
[SourceVersion "1"]
[SourceVersionDate "2014.11.20"]
[SourceQuality "1"]
[WhiteTeam "Suedlohn"]
[BlackTeam "Ostbevern Westbevern"]
[WhiteTeamCountry "GER"]
[BlackTeamCountry "GER"]

1. d4 Nf6 2. c4 e6 3. Nf3 d5 4. Nc3 Be7 5. Bg5 c6 6. cxd5 exd5 7. e3 0-0 8. Bd3 Bg4 9. Qc2 h6 10. Bh4 Nbd7 11. 0-0 Rc8 12. Ne5 Nxe5 13. dxe5 Nd7 14. Bxe7 Qxe7 15. h3 Be6 16. f4 Nc5 17. Bh7+ Kh8 18. b4 f5 19. exf6 gxf6 20. Bg6 Nd7 21. e4 Qxb4 22. Kh1 d4 23. Ne2 Qd6 24. Qd2 Kg7 25. Nxd4 Qe7 26. Nxe6+ 1-0

[Event "Muensterland Verbandsliga 1011"]
[Site "Germany"]
[Date "2010.10.30"]
[Round "2.1"]
[White "Wienen, Hermann"]
[Black "Althoff, Franz"]
[Result "0-1"]
[WhiteElo "1974"]
[BlackElo "2102"]
[PlyCount "72"]
[EventDate "2010.09.25"]
[EventType "team-tourn"]
[EventRounds "9"]
[EventCountry "GER"]
[SourceTitle "EXT 2012"]
[Source "ChessBase"]
[SourceDate "2011.11.24"]
[SourceVersion "1"]
[SourceVersionDate "2011.11.24"]
[SourceQuality "1"]
[WhiteTeam "Heiden"]
[BlackTeam "Ostbevern Westbevern"]
[WhiteTeamCountry "GER"]
[BlackTeamCountry "GER"]

1. e4 c5 2. Nf3 d6 3. Bc4 e6 4. d4 cxd4 5. Nxd4 Be7 6. 0-0 Nf6 7. Nc3 0-0 8. Bb3 Nc6 9. Be3 Qa5 10. h3 d5 11. exd5 exd5 12. Bf4 Qb4 13. Be3 Rd8 14. a3 Qa5 15. Re1 Ne5 16. Bf4 Ng6 17. Bg5 h6 18. Be3 Bd6 19. Qd2 Be5 20. Rad1 a6 21. f4 Bc7 22. Qf2 Ne7 23. Bxd5 Rxd5 24. Nb3 Rxd1 25. Nxa5 Rxe1+ 26. Qxe1 Bxa5 27. b4 Bd8 28. Bc5 Ng6 29. Qe3 Bc7 30. Ne2 Bd7 31. f5 Bxf5 32. Nd4 Bd7 33. Nf3 Re8 34. Qd4 Nf4 35. Kf1 Re4 36. Qc3 Bb5+ 0-1

[Event "Muensterland Verbandsliga 0910"]
[Site "Germany"]
[Date "2010.03.06"]
[Round "7.3"]
[White "Mueschenich, Stefan"]
[Black "Althoff, Franz"]
[Result "0-1"]
[WhiteElo "2097"]
[BlackElo "2063"]
[PlyCount "64"]
[EventDate "2009.09.26"]
[EventType "team-tourn"]
[EventRounds "9"]
[EventCountry "GER"]
[SourceTitle "EXT 2011"]
[Source "ChessBase"]
[SourceDate "2010.11.26"]
[SourceVersion "1"]
[SourceVersionDate "2010.11.26"]
[SourceQuality "1"]
[WhiteTeam "Muenster II"]
[BlackTeam "Ostbevern Westbevern"]
[WhiteTeamCountry "GER"]
[BlackTeamCountry "GER"]

1. e4 c5 2. Nf3 Nc6 3. Bb5 Nf6 4. e5 Nd5 5. 0-0 e6 6. Bxc6 dxc6 7. d3 Be7 8. Nbd2 0-0 9. Ne4 f6 10. exf6 gxf6 11. Bh6 Rf7 12. Ng3 Bf8 13. Qd2 Bxh6 14. Qxh6 Rg7 15. Nh4 Qf8 16. Rae1 e5 17. Ngf5 Rg5 18. Qxf8+ Kxf8 19. Nd6 Rg4 20. g3 Rxh4 21. Nxc8 Rb4 22. Nd6 Rxb2 23. f4 exf4 24. c4 Nc3 25. Re6 Ne2+ 26. Kh1 Rd8 27. Ne4 Rxd3 28. gxf4 Rd4 29. f5 Nf4 30. Nxf6 Nxe6 31. fxe6 Ke7 32. Nxh7 Rdd2 0-1

[Event "Muensterland Verbandsliga 0910"]
[Site "Germany"]
[Date "2010.02.06"]
[Round "6.3"]
[White "Althoff, Franz"]
[Black "Webner, Dennis"]
[Result "1-0"]
[WhiteElo "2063"]
[BlackElo "1912"]
[PlyCount "67"]
[EventDate "2009.09.26"]
[EventType "team-tourn"]
[EventRounds "9"]
[EventCountry "GER"]
[SourceTitle "EXT 2011"]
[Source "ChessBase"]
[SourceDate "2010.11.26"]
[SourceVersion "1"]
[SourceVersionDate "2010.11.26"]
[SourceQuality "1"]
[WhiteTeam "Ostbevern Westbevern"]
[BlackTeam "Nienberge"]
[WhiteTeamCountry "GER"]
[BlackTeamCountry "GER"]

1. Nf3 Nf6 2. d4 d5 3. c4 c6 4. Nc3 e6 5. e3 Nbd7 6. Bd3 Bd6 7. 0-0 0-0 8. e4 dxe4 9. Nxe4 Nxe4 10. Bxe4 f5 11. Bc2 c5 12. Re1 Nf6 13. Bg5 Qb6 14. d5 h6 15. Bxf6 Rxf6 16. Qd3 Bd7 17. Rad1 Rd8 18. Qc3 Qc7 19. Re2 Re8 20. Rde1 a6 21. Qd2 e5 22. g3 e4 23. Nh4 Be5 24. Bxe4 fxe4 25. Rxe4 Kf7 26. Qe2 g5 27. Nf3 Rxf3 28. Qxf3+ Kg6 29. Qe2 Kf6 30. h4 Bf5 31. Re3 g4 32. Qd2 Kg6 33. d6 Qg7 34. Qd5 1-0